000 00745nam a2200205 a 4500
005 20220615113715.0
008 040217s1996 mx r 000 0 spa d
020 _a848584047X
035 _aUPN01000131967
049 _aCG
050 4 _aPC4065
_bE3.8
245 0 3 _aLa educación lingüística y literaria en la enseñanza secundaria /
_c(Coords.) Carlos Lomas ... [et al.]
260 _aBarcelona, (Esp.) :
_bICE :
_bHorsori,
_c1996.
300 _a272 p.
440 0 _aCuadernos de formación del profesorado ;
_v1.
_pEducación secundaria
650 4 _aEspañol
_xEstudio y enseñanza (Secundaria)
_97237
650 4 _aLiteratura
_xEstudio y enseñanza (Secundaria)
_96686
700 1 _aLomas, Carlos,
_d1956-
_ecoord.
_929048
905 _aLibro
999 _c104122
_d104122